| 000 | 00749ngm a22002650a 4500 | ||
|---|---|---|---|
| 001 | PT15044 | ||
| 003 | AR-LpoUNG | ||
| 005 | 20210201232401.0 | ||
| 007 | co ||u|||uuuuu | ||
| 008 | 191001suuuu||||xxu|||||||||||||||||spa d | ||
| 040 |
_aAR-LpoUNG _bspa _cAR-LpoUNG _eaacr |
||
| 041 | _aspa | ||
| 082 | 0 | _a150.195 2 43psi | |
| 100 | 1 |
_aLópez-Ballesteros, Luis _etr. |
|
| 245 | 1 | 0 |
_aPsicología : _bSigmund Freud, Obras completas |
| 260 |
_as.l. _bInformática Documental, _cs.f. |
||
| 650 | 4 | _aASPECTOS PSICOLOGICOS | |
| 650 | 4 | _aCIENCIAS DEL COMPORTAMIENTO | |
| 650 | 4 | _aHISTORIA | |
| 650 | 4 | _aPSICOLOGIA | |
| 710 | 2 | _aIn Context (firma comercial) | |
| 710 | 2 | _aInformática Documental (firma comercial) | |
| 905 | _a15044 | ||
| 942 | _cCDDVD | ||
| 999 |
_c53531 _d53531 |
||